00513nam a2200205Ia 4500008004000000020001800040041000800058082001600066100001600082245005800098260004100156300001300197650001300210650001100223650001300234650001300247650001700260650000800277700002200285210210b2016 xxu||||| |||| 00| 0 eng d a9788121922203 aeng a300.72 CAUR aCAUVERY (R) aResearch methodology: for students of social sciences aNew DelhibS. Chand & Co. Ltd.c2016 aviii,232 astudents asocial asciences aResearch amethodology: afor aNAYAK (U K Sudha)